[Event "Ambalangoda Dhamso op 5th"]
[Site "Ambalangoda"]
[Date "2015.05.30"]
[Round "3"]
[White "Rupassara, PAL"]
[Black "Hewamalavi, HAD Ayesha"]
[Result "1-0"]
[WhiteElo "1762"]
[BlackElo "1346"]
[PlyCount "97"]
[EventDate "2015.05.29"]
[EventType "swiss"]
[EventRounds "9"]
[EventCountry "SRI"]
[SourceTitle "EXT 2016"]
[Source "ChessBase"]
[SourceDate "2015.10.08"]
[SourceVersion "1"]
[SourceVersionDate "2015.10.08"]
[SourceQuality "1"]

1. e4 d5 2. exd5 Nf6 3. c4 c6 4. dxc6 Nxc6 5. Nf3 e5 6. Nc3 Bf5 7. Nh4 Bd3 8. Bxd3 Qxd3 9. Qe2 Qxe2+ 10. Nxe2 Nb4 11. 0-0 Nd3 12. Nf3 Rd8 13. a3 Ne4 14. Nc3 Nec5 15. Rb1 Nb3 16. Na2 Rc8 17. Nxe5 Ndxc1 18. Nxc1 Nxd2 19. Re1 Nxb1 20. Ng6+ Kd7 21. Nxh8 Re8 22. Rd1+ Ke6 23. Re1+ Kd7 24. Rd1+ Ke6 25. Nb3 Nxa3 26. bxa3 Bxa3 27. Re1+ Kd7 28. Rd1+ Ke6 29. Ra1 Kf6 30. g3 Bb2 31. Rxa7 Rxh8 32. Rxb7 Rc8 33. c5 Ba3 34. Rb6+ Ke5 35. f4+ Kd5 36. Rb7 Bxc5+ 37. Nxc5 Rxc5 38. Rxf7 Rc1+ 39. Kg2 Rc2+ 40. Kh3 Rc6 41. Rxg7 h6 42. Kg4 Rf6 43. Kh5 Ke4 44. Rg6 Rf5+ 45. Kxh6 Rf8 46. h4 Kf5 47. Kg7 Rc8 48. Rg5+ Ke6 49. h5 1-0